Statistics for epic quiz please play it’s so awesome and swag and epic please play

Click here to take the quiz!

General Stats

  • This quiz has been taken 11 times
  • The average score is 7 of 37

Answer Stats

So coolswag gaming% Correct
epicSwag
100%
epicepic
86%
epicepic
86%
epiccool
71%
epicCool
71%
epicGaming
57%
epicso cool
29%
epicawesome sauce
14%
epicbruh
14%
epicEpic and cool
14%
epicepic gaming
14%
epich
14%
epicI’m running out of ideas
14%
epicok
14%
epicRadical
14%
epicsleep deprivation
14%
epicSo awesome
14%
epicyeah
14%
epiccanon
0%
epicCoolness
0%
epicgangam style
0%
epichit it bro
0%
epiclol
0%
epicmario for ps4
0%
epicMm-hm
0%
epicNice and cool
0%
epicnice epic
0%
epicoh yeah
0%
epicoh yeah!!!!
0%
epicparty time
0%
epicreddit swag
0%
epicright on
0%
epicrock on
0%
epicthis
0%
epicupvotes
0%
epicyeahhhhhhhh
0%
epicyeah man
0%

Score Distribution

Percentile by Number Answered

Percent of People with Each Score

Your Score History

You have not taken this quiz